Physics: the pioneer science

Saved in:
Bibliografiske detaljer
Hovedforfatter: Taylor, Lloyd W (Author)
Format: Bog
Sprog:engelsk
Udgivet: Nueva York Dover 1959
Serier:Dover books on science
Fag:
Tags: Tilføj Tag
Ingen Tags, Vær først til at tagge denne postø!

MARC

LEADER 00000nam a2200000 a 4500
001 UCT2038
003 CL-VaPUC
008 961004e19590000US |||||||||||||||||eng|d
082 0 4 |a 530  |b TAY  |2 21 
100 0 |a Taylor, Lloyd W  |e author  |9 371114 
245 1 0 |a Physics: the pioneer science 
300 |a 2 v 
942 |c BK 
945 |d 19961004 00:00:00  |a paguirre 
260 |a Nueva York  |b Dover  |c 1959 
500 |a v.1: Mechanics, heat, sound 
500 |a v.2: Light, electricity 
650 0 |a Física   |9 227844 
650 0 |a Mecánica   |9 260096 
650 0 |a Calor específico  |9 259409 
650 0 |a Ondas sonoras  |9 322250 
650 0 |a Electricidad  |9 260222 
650 0 |a Luz visible  |9 340314 
583 |a last modification  |c 19961004 00:00:00  |k Rodrigo Vera 
490 0 |a Dover books on science 
999 |c 252329  |d 252327